Susur galur perjuangan ke arah kemerdekaan

Bibliographic Details
Main Author: Syed Mahadzir Syed Ibrahim
Other Authors: Ann Lim
Format: Book
Published: Selangor : Cooray's House of Publications , 2007
Series:Siri 50 tahun Malaysia
Subjects:

MARC

LEADER 00000cam a2200000 7i4500
001 0000030326
005 20151222.0
008 110121
020 |a 9833704279 
090 0 0 |a HIST   |b MAL 
100 0 |a Syed Mahadzir Syed Ibrahim 
245 1 0 |a Susur galur perjuangan ke arah kemerdekaan   |c Syed Mahadzir ; perekabentuk Ann Lim 
260 |a Selangor :   |b Cooray's House of Publications ,   |c 2007 
440 |a Siri 50 tahun Malaysia 
500 |a Children ages 10-12 years old (pink) 
650 0 |a Independence Day (Malaysia) 
650 0 |a Malaysia   |x History 
650 0 |a Malaysia   |x Politics and government 
700 0 |a Ann Lim 
999 |a 0001069081   |b Book   |c Children Collection   |e Perbadanan Perpustakaan Awam Johor 
999 |a 0001069082   |b Book   |c Children Collection   |e Perbadanan Perpustakaan Awam Johor 
999 |a 0001069083   |b Book   |c Children Collection   |e Perbadanan Perpustakaan Awam Johor 
999 |a 0001069084   |b Book   |c Children Collection   |e Perbadanan Perpustakaan Awam Johor